Countries with Most Spaniards - Statistics

General Stats
  • This quiz has been taken 60 times
  • The average score is 17 of 20
Answer Stats
Population Answer % Correct
81,519 United Kingdom
98%
103,474 United States
98%
404,111 Argentina
97%
215,183 France
97%
108,314 Mexico
97%
30,683 Colombia
95%
146,846 Germany
93%
188,585 Venezuela
93%
56,104 Chile
91%
20,898 Italy
91%
19,668 Peru
91%
117,523 Brazil
88%
108,858 Cuba
84%
63,827 Uruguay
76%
18,353 Australia
72%
53,212 Belgium
69%
21,974 Netherlands
66%
103,247 Switzerland
66%
18,928 Dominican Republic
62%
24,485 Andorra
53%
No matching quizzes found
Score Distribution
Percent of People with Each Score
Percentile by Number Answered
Your Score History
You have not taken this quiz